000 00499cam a2200193ua 4500
001 7399
008 141211n ii |||gr||||Z||||||ben
040 _cMAIN
041 _aben
082 _a891.44
100 _aChakravarty, A. Kr.,
_eAuthor.
245 _aBangla sahityer sangkhipta itihas
_cBy Ajoy Kr. Chakravarty
250 _a1st.
260 _aGuwahati:
_bB.B.,
_c1965.
300 _a144p.
653 _aEast Indo-European & Celtic literatures
653 _aBengali literature
942 _cBK
999 _c6522
_d6522